<?xml version="1.0" encoding="UTF-8"?><record xmlns="http://www.loc.gov/MARC21/slim" xmlns:zs="http://docs.oasis-open.org/ns/search-ws/sruResponse">
  <leader>03920ctm a22004215i 4500</leader>
  <controlfield tag="001">21569784</controlfield>
  <controlfield tag="008">200617s1550    ir            000 0 per  </controlfield>
  <controlfield tag="005">20260529174103.0</controlfield>
  <datafield ind1=" " ind2=" " tag="010">
    <subfield code="a">  2019714467</subfield>
  </datafield>
  <datafield ind1=" " ind2=" " tag="035">
    <subfield code="a">ascs000004</subfield>
  </datafield>
  <datafield ind1=" " ind2=" " tag="040">
    <subfield code="a">DLC</subfield>
    <subfield code="b">eng</subfield>
    <subfield code="c">DLC</subfield>
  </datafield>
  <datafield ind1="0" ind2="0" tag="245">
    <subfield code="a">Fal-i Qur'an (divination by the Qur'an)</subfield>
  </datafield>
  <datafield ind1=" " ind2="0" tag="264">
    <subfield code="c">c. 1550-1600</subfield>
  </datafield>
  <datafield ind1=" " ind2=" " tag="300">
    <subfield code="a">1 volume ;</subfield>
    <subfield code="c">28.7 (w) x 48.8 (h) cm</subfield>
  </datafield>
  <datafield ind1=" " ind2=" " tag="336">
    <subfield code="a">text</subfield>
    <subfield code="b">txt</subfield>
    <subfield code="2">rdacontent</subfield>
  </datafield>
  <datafield ind1=" " ind2=" " tag="337">
    <subfield code="a">unmediated</subfield>
    <subfield code="b">n</subfield>
    <subfield code="2">rdamedia</subfield>
  </datafield>
  <datafield ind1=" " ind2=" " tag="338">
    <subfield code="a">volume</subfield>
    <subfield code="b">nc</subfield>
    <subfield code="2">rdacarrier</subfield>
  </datafield>
  <datafield ind1=" " ind2=" " tag="500">
    <subfield code="a">Safavid Iranian Fortune Readings in Persian based on the Qur'an.</subfield>
  </datafield>
  <datafield ind1=" " ind2=" " tag="500">
    <subfield code="a">Although divination by the Qur'an appears largely in a Safavid Shi'ite context, other examples of fals by means of the Qur'an entitled "Fi tafa'ul min kalam Allah al-majid" (on divination by means of Allah's glorious words) and "dar fal-i mushaf" (on divination by the Book) also appear in Sunni Ottoman artistic traditions during the latter part of the 16th century.  For example, an Ottoman Turkish Qur'an signed by a certain 'Abdallah and dated 980/1573 in the Keir Collection, England (VII.49) also contains a terminal fal (Robinson 1976, 294).  The reason prognostication by the Qur'an has largely been seen as a Shi'ite phenomenon is due to the fact that the practice, as well as the text, often times is attributed to 'Ali, the son-in-law of the Prophet Muhammad.  In another extant Safavid Qur'an, for example, the divination text is entitled "Falnamah-ya hazrat-i Amir al-Mu'minin, 'Ali b. Abi Talib" (Keir VII.52, Robinson 1976, 294).</subfield>
  </datafield>
  <datafield ind1=" " ind2=" " tag="500">
    <subfield code="a">Dimensions of Written Surface: 19.8 (w) x 30.9 (h) cm</subfield>
  </datafield>
  <datafield ind1=" " ind2=" " tag="500">
    <subfield code="a">The pasting of the rectangular bands in the two vertical columns, as well as the illumination running around the text frame, may be tantamount to censorship in Sunni Ottoman hands, perhaps at the request of Sultan Ahmed III (r. 1703-30), whose tugra (royal emblem) appears on the folio's verso (see 1-84-154.42 V).  In particular, the pasted bands in the right vertical column hide individual letters of the alphabet, beginning with the letter "lam" (l), from which a poetical divination was extracted.  In other words, the poetical prognostication remains, while the letters themselves have been concealed.  Furthermore, this particular fragment must have been the third folio of the original divination text.  Today, it appears that the title and the first two pages (containing the letters "alif" through "kaf") of the fal do not survive.</subfield>
  </datafield>
  <datafield ind1=" " ind2=" " tag="500">
    <subfield code="a">This single sheet of a Fal-i Qur'an lays out in rhyming Persian distichs (couplets) the means of divination by letters selected at random when opening to a page of the Qur'an.  This now single-page folio originally was included at the very end of a Safavid Persian Qur'an, immediately after the last surah (Surat al-Nas) and a closing prayer (du'a ba'd khatim al-Qur'an) on behalf of the Prophet and his family (e.g., see 1-85-154.74 R and V).  The layout of the divination text, the script, and the remaining original illumination in the text frame are typical of fals included at the end of Qur'ans made in Shiraz or Qazvin during the second half of the 16th century (see James 1992b: 172-81, cat nos. 39 and 43).</subfield>
  </datafield>
  <datafield ind1=" " ind2=" " tag="546">
    <subfield code="b">Script: nasta'liq</subfield>
  </datafield>
  <datafield ind1=" " ind2="0" tag="650">
    <subfield code="a">Calligraphy, Arabic.</subfield>
  </datafield>
  <datafield ind1=" " ind2="0" tag="650">
    <subfield code="a">Calligraphy, Persian.</subfield>
  </datafield>
  <datafield ind1=" " ind2="0" tag="650">
    <subfield code="a">Manuscripts, Persian</subfield>
    <subfield code="z">Washington (D.C.)</subfield>
  </datafield>
  <datafield ind1=" " ind2=" " tag="653">
    <subfield code="a">Arabic script calligraphy</subfield>
  </datafield>
  <datafield ind1=" " ind2=" " tag="653">
    <subfield code="a">Illuminated Islamic manuscripts</subfield>
  </datafield>
  <datafield ind1=" " ind2=" " tag="653">
    <subfield code="a">Islamic calligraphy</subfield>
  </datafield>
  <datafield ind1=" " ind2=" " tag="653">
    <subfield code="a">Islamic manuscripts</subfield>
  </datafield>
  <datafield ind1=" " ind2=" " tag="653">
    <subfield code="a">Nasta'liq</subfield>
  </datafield>
  <datafield ind1=" " ind2=" " tag="752">
    <subfield code="a">Iran</subfield>
  </datafield>
  <datafield ind1=" " ind2=" " tag="852">
    <subfield code="a">Library of Congress</subfield>
    <subfield code="b">African and Middle Eastern Division</subfield>
    <subfield code="e">Washington, D.C. 20540 USA</subfield>
  </datafield>
  <datafield ind1="4" ind2="1" tag="856">
    <subfield code="u">https://hdl.loc.gov/loc.amed/ascs.089</subfield>
    <subfield code="y">View online content for this title.</subfield>
  </datafield>
  <datafield ind1=" " ind2=" " tag="906">
    <subfield code="a">0</subfield>
    <subfield code="b">ibc</subfield>
    <subfield code="c">orignew</subfield>
    <subfield code="d">u</subfield>
    <subfield code="e">ncip</subfield>
    <subfield code="f">20</subfield>
    <subfield code="g">y-nonroman</subfield>
  </datafield>
  <datafield ind1=" " ind2=" " tag="952">
    <subfield code="a">1-84-154.42 R</subfield>
  </datafield>
  <datafield ind1=" " ind2=" " tag="955">
    <subfield code="a">LCAP batch update 2025-06-02-04:00: LCAPM-644</subfield>
  </datafield>
  <datafield ind1=" " ind2=" " tag="985">
    <subfield code="a">amed/ggcalligraphy</subfield>
  </datafield>
</record>
